000 00551nam a22001817a 4500
003 CEME
005 20210628202707.0
008 210120b xxu||||| |||| 00| 0 eng d
020 _a0-19-878065-6
040 _cceme
082 _a327.101 BUZ
100 _aBuzan, Barry ,Little, Richard
_961110
245 _aInternational systems in world history ,remaking the study of international relations
260 _aNEW YORK
_bOXFORD UNIVERSITY
_c2000
300 _aXVI,452 P
650 _aWORLD HISTORY.INTERNATIONAL RELATIONS
_961111
942 _cBK
_2ddc
999 _c570665
_d570665